Statistics for Pictures by Letter - W

Click here to take the quiz!

General Stats

  • This quiz has been taken 15,868 times
  • The average score is 11 of 16

Answer Stats

Answer% Correct
Washington
95%
Windmill
93%
Wikipedia
89%
Whisk
86%
Whitney
86%
Whoopi
85%
Wales
80%
Weld
80%
Wisconsin
80%
Wimbledon
72%
Washboard
62%
Weird
59%
Wonton
52%
Wolverine
50%
Wormhole
38%
Wattle
30%

Score Distribution

Percentile by Number Answered

Percent of People with Each Score

Your Score History

You have not taken this quiz